00718nam a2200157Ia 4500008004100000100002300041245012800064245012700192260005300319260000900372300001100381650001500392856006100407999001900468952007300487170221s9999 xx 000 0 und d aDmitry V. Shkurkin aFormation and Development of the Integrated Marketing Communications in the Activities of Production and Trade Enterprises  cDmitry V. Shkurkin, Irina N. Mayatskaya, Oksana V. Nikonova, Vladimir S. Novikov, Irina S. Vasilyeva, Svetlana G. Karepova bInternational Review of Management and Marketing c2016 a6 : 1S xMarketing. uhttp://www.econjournals.com/index.php/irmm/issue/view/70 c308258d308258 001040aCLbCLd2017-02-21l0r2017-02-21 00:00:00w2017-02-21yFOJ